00498nam a2200181Ia 450000500170000000800410001704000190005804100120007708200200008910000190010924500690012826000440019730000110024150400190025265000230027165100120029485000100030620250310122826.0131103s9999 xx 000 0 und d aLoreto College aEnglish a822.33bSHA-SCH aSchoenbaum, S. aWilliam Shakespeareb A compact documntary life cSchoenbaum, S. aNew yorkbOxford university pressc1987 a384p.  aIncludes index aEnglish literature aSonnets aLCLIB